000 00580cam a22002053a 4500
001 37923
003 PGUSA
005 20140828083831.0
008 111104s2011||||xxu|||||s|||||000 | eng d
040 _aPGUSA
_beng
042 _adc
100 1 _aFielding, Henry,
_d1707-1754
245 1 4 _aThe Old Debauchees. A Comedy
_h[electronic resource] /
_cHenry Fielding
260 _bProject Gutenberg,
_c2011
506 _aPublic domain in the USA.
516 _aElectronic text
830 0 _aProject Gutenberg
_v37923
856 4 0 _uhttp://www.gutenberg.org/ebooks/37923
942 _cEB
999 _c267177
_d267177